000 01017nam a2200325 i 4500
001 768714001
003 CO-MdFUSB
005 20260317093953.0
007 ta
008 241105t2012 -usba||| |||| 001 0 spa d
020 _a978-0-7363-6121-7
040 _bspa.
_aCO-MdFUSB
_cCO-MdFUSB
_dCO-MdFUSBC
_erda
041 _aspa
082 _223
_a220.561
_bSA231
110 _aLiving Stream Ministry
245 1 _aSanta Biblia
_c/ Living Stream Ministry
250 _aPrimera edición 2012
_bVersión Recobro
264 1 _aAnaheim, California :
_bLiving Stream Ministry
_c[2012]
264 4 _c©2012
300 _a1780 ; 991 páginas
_b: mapas a color, diagramas
_c; 25 cm
336 _2rdacontent
_atexto
_btxt
337 _2rdamedia
_asin mediación
_bn
338 _2rdacarrier
_avolumen
_bnc
500 _aIncluye índice, mapas a color, diagramas
505 _aAntiguo testamento. -- Nuevo testamento.
563 _aPasta dura
650 0 _aBiblia
_916
942 _cBK
945 _aCatherine Arias Alvarez
999 _c71172
_d71172